Electromagnetic fields
Guardat en:
| Autor principal: | |
|---|---|
| Format: | Llibre |
| Idioma: | anglès |
| Publicat: |
Piscataway
IIEE
2007
|
| Edició: | 2a. ed |
| Col·lecció: | IIEE Press Series on Electromagnetic Wave Theory
|
| Matèries: | |
| Etiquetes: |
Afegir etiqueta
Sense etiquetes, Sigues el primer a etiquetar aquest registre!
|
MARC
| LEADER | 00000nam a2200000 a 4500 | ||
|---|---|---|---|
| 001 | UCH7816 | ||
| 003 | CL-VaPUC | ||
| 008 | 091126e20070000us |||||||||||||||||eng|d | ||
| 020 | |a 9780471263883 | ||
| 082 | 0 | 4 | |a 537 |b BLA |2 21 |
| 100 | 0 | |a Bladel, Jean G. van |e author |9 544157 | |
| 245 | 1 | 0 | |a Electromagnetic fields |
| 250 | |a 2a. ed | ||
| 300 | |a 1155 p | ||
| 942 | |c BK | ||
| 945 | |d 20091126 00:00:00 |a cmena | ||
| 260 | |a Piscataway |b IIEE |c 2007 | ||
| 650 | 7 | |a CAMPOS ELECTROMAGNETICOS |2 CL-VaPUC |9 264139 | |
| 650 | 0 | |a Funciones (Matemáticas) |9 338128 | |
| 650 | 0 | |a Física matemática |9 260981 | |
| 583 | |a last modification |c 20150511 05:50:18 |k Rodrigo Vera | ||
| 490 | 0 | |a IIEE Press Series on Electromagnetic Wave Theory | |
| 999 | |c 338164 |d 338162 | ||
| 952 | |0 0 |1 0 |4 0 |6 537_000000000000000_BLA_2007 |7 0 |8 A |9 431028 |a BIBCUR |b BIBCUR |d 2019-11-22 |i 4622049 |o 537 BLA 2007 |p 4622049 |r 2025-04-22 |w 2019-11-22 |y BK |k DCF | ||